Concise encyclopaedia of Geography / (Record no. 134928)
[ view plain ]
| 000 -LEADER | |
|---|---|
| fixed length control field | 00676nam a22002297a 4500 |
| 005 - DATE AND TIME OF LATEST TRANSACTION | |
| control field | 20170124110237.0 |
| 010 ## - LIBRARY OF CONGRESS CONTROL NUMBER | |
| LC control number | 842933 |
| 020 ## - INTERNATIONAL STANDARD BOOK NUMBER | |
| Terms of availability | 00.00 |
| International Standard Book Number | 361032617 |
| 035 ## - SYSTEM CONTROL NUMBER | |
| System control number | 842933 |
| 037 ## - SOURCE OF ACQUISITION | |
| Source of stock number/acquisition | Cen Lib/Ret |
| 040 ## - CATALOGING SOURCE | |
| Original cataloging agency | DPL |
| Language of cataloging | EN |
| 082 ## - DEWEY DECIMAL CLASSIFICATION NUMBER | |
| Classification number | 910 |
| Item number | TUN |
| 100 ## - MAIN ENTRY--PERSONAL NAME | |
| Personal name | Tunney, C.J. |
| 9 (RLIN) | 42183 |
| 245 ## - TITLE STATEMENT | |
| Title | Concise encyclopaedia of Geography / |
| Statement of responsibility, etc | by C.J.Tunney |
| 260 ## - PUBLICATION, DISTRIBUTION, ETC. (IMPRINT) | |
| Name of publisher, distributor, etc | Purnell Books |
| Date of publication, distribution, etc | 1976 |
| Place of publication, distribution, etc | Berkshire |
| 270 ## - ADDRESS | |
| City | Berkshire |
| Address | Berkshire House, Queen Street, Maidenhead |
| 300 ## - PHYSICAL DESCRIPTION | |
| Extent | 255p. : |
| Dimensions | 28cm(Hb) |
| Other physical details | col.ill. |
| 500 ## - GENERAL NOTE | |
| General note | Includes index |
| 650 ## - SUBJECT ADDED ENTRY--TOPICAL TERM | |
| Topical term or geographic name as entry element | Geography |
| 9 (RLIN) | 42184 |
| 650 ## - SUBJECT ADDED ENTRY--TOPICAL TERM | |
| Topical term or geographic name as entry element | Encyclopaedia -- Geography |
| 9 (RLIN) | 42185 |
| 942 ## - ADDED ENTRY ELEMENTS (KOHA) | |
| Source of classification or shelving scheme | Dewey Decimal Classification |
| Koha item type | English Books |
| Classification part | 910 |
| Call number suffix | TUN |
| Withdrawn status | Lost status | Damaged status | Not for loan | Collection code | Home library | Current library | Date acquired | Source of acquisition | Cost, normal purchase price | Total Checkouts | Full call number | Barcode | Date last seen | Copy number | Cost, replacement price | Price effective from | Koha item type |
|---|---|---|---|---|---|---|---|---|---|---|---|---|---|---|---|---|---|
| Not For Loan | Reference | Central Library | Central Library | 31/07/2015 | Cen Lib/Ret | 0.00 | 910 TUN | 842933 | 31/07/2015 | 1 | 0.00 | 31/07/2015 | English Books |
